[Event "Varna U2200 op"]
[Site "Varna"]
[Date "2019.07.05"]
[Round "4"]
[White "Stoyanov, Stoyan Or"]
[Black "Mihalev, Rosen"]
[Result "1-0"]
[WhiteElo "2166"]
[BlackElo "1860"]
[PlyCount "93"]
[EventDate "2019.07.02"]
[EventType "swiss"]
[EventRounds "7"]
[EventCountry "BUL"]
[SourceTitle "EXT 2020"]
[Source "ChessBase"]
[SourceDate "2019.10.17"]
[SourceVersion "1"]
[SourceVersionDate "2019.10.17"]
[SourceQuality "1"]

1. d4 Nf6 2. c4 c5 3. d5 b5 4. cxb5 a6 5. Nc3 d6 6. e4 g6 7. f4 Bg7 8. Nf3 0-0 9. a4 axb5 10. Bxb5 Ba6 11. Bd2 Ne8 12. 0-0 Nc7 13. Re1 e6 14. dxe6 fxe6 15. Be3 Bb7 16. e5 d5 17. Bxc5 Rxf4 18. Qd2 Rf7 19. Bd3 Nc6 20. Ng5 Rd7 21. Bd6 Qe8 22. Nb5 Na6 23. h4 Bh6 24. Qf4 Nd8 25. Qg4 Bc8 26. Rf1 Nf7 27. Qxe6 Qxe6 28. Nxe6 Rxd6 29. exd6 Be3+ 30. Kh1 Bxe6 31. Rae1 d4 32. Nxd4 Bxd4 33. Bxa6 Rxa6 34. Rxe6 Nxd6 35. b4 Rxa4 36. Rxd6 Rxb4 37. g3 Be5 38. Rd8+ Kg7 39. Rf3 Rb7 40. Kg2 Rc7 41. Kh3 Rb7 42. Rfd3 Rb2 43. R3d7+ Kf6 44. Rf8+ Ke6 45. Rd3 Ke7 46. Ra8 h5 47. Ra6 1-0